000 01526nam a2200433 i 4500
001 17857
003 KOSZ 005
005 20190919103557.0
008 190812s1978 pl a f 000 0 pol
015 _aPB 1978/4943
035 _a991018857119705066
035 _a(PL-WaBN)b15110527-48omnis_nlop
035 _ab15110527
035 _a(OCoLC)189617887
035 _a(PL)b0000001511052
035 _a(EXLNZ-48OMNIS_NETWORK)9910346558605606
040 _aWA N
_cWA N
_dKOSZ 005/RW
046 _k1978
080 _a005.7
080 _a001.102-048.44
100 1 _aFlakiewicz, Wiesław
_d(1926-2001)
_eAutor
245 1 0 _aSystemy informowania kierownictwa :
_bzasady budowy, aspekty semantyczne /
_cWiesław Flakiewicz.
260 _aWarszawa :
_bPaństwowe Wydawnictwo Ekonomiczne,
_c1978.
300 _a226, [2] stron, [1] karta tablic :
_bilustracje, tabele ;
_c20 cm.
336 _aTekst
_btxt
_2rdacontent
337 _aBez urządzenia pośredniczącego
_bn
_2rdamedia
338 _aWolumin
_bnc
_2rdacarrier
380 _aKsiążki
388 _a1901-2000
504 _aBibliografia na stronach 226-[227].
650 7 _aSystemy informatyczne zarządzania
_2DBN
650 7 _aZarządzanie
_2DBN
658 _aZarządzanie i marketing
650 7 _aMetody
710 2 _aPaństwowe Wydawnictwo Ekonomiczne
_4pbl
856 _uhttp://koha.tu.koszalin.pl/cgi-bin/koha/opac-detail.pl?biblionumber=17857
_yKatalog online BPK
942 _2UKD
_cKS
999 _c17857
_d17857